00721nam a2200181Ia 450000500170000000800390001702000180005608200160007410000180009024500650010826000320017330000140020552001580021965000250037794200120040299900190041495201060043320260225135611.0260225s9999 xx 000 0 und d a9780415378628 a338.74bTHO aThomas, W. A. 0aThe Finance of British Industry, 1918-1976 / cThomas, W. A. bTaylor & Francis US, c2005 a376 pages aThis is a clear and objective account of the trends in finance since the First World War. A well-documented book, it will be an essential reference work. aBusiness & Economics cENGLISH c615545d615545 00104070aACLbACLc4Ad2026-02-25l0o338.74 THOp147719r2026-02-25 13:56:11w2026-02-25yENGLISH